<?xml version="1.0" encoding="UTF-8"?>
<record
    xmlns:xsi="http://www.w3.org/2001/XMLSchema-instance"
    xsi:schemaLocation="http://www.loc.gov/MARC21/slim http://www.loc.gov/standards/marcxml/schema/MARC21slim.xsd"
    xmlns="http://www.loc.gov/MARC21/slim">

  <leader>00724nam a2200193Ia 4500</leader>
  <controlfield tag="003">LDD</controlfield>
  <controlfield tag="008">190117s9999    xx            000 0 und d</controlfield>
  <datafield tag="020" ind1=" " ind2=" ">
    <subfield code="a">8126001348</subfield>
    <subfield code="c">&#x20B9;15</subfield>
  </datafield>
  <datafield tag="040" ind1=" " ind2=" ">
    <subfield code="c">LDD</subfield>
  </datafield>
  <datafield tag="041" ind1=" " ind2=" ">
    <subfield code="a">hi</subfield>
  </datafield>
  <datafield tag="082" ind1=" " ind2=" ">
    <subfield code="a">8U6 &#x905;658&#x938;</subfield>
  </datafield>
  <datafield tag="100" ind1=" " ind2=" ">
    <subfield code="a">&#x905;&#x932;&#x94D;&#x935;&#x940;, &#x935;&#x93E;&#x930;&#x93F;&#x938;</subfield>
  </datafield>
  <datafield tag="245" ind1=" " ind2="0">
    <subfield code="a">&#x938;&#x906;&#x924;&#x926; &#x939;&#x938;&#x928; &#x92E;&#x902;&#x91F;&#x94B;</subfield>
    <subfield code="b"> &#x92D;&#x93E;&#x930;&#x924;&#x940;&#x92F; &#x938;&#x93E;&#x939;&#x93F;&#x924;&#x94D;&#x92F; &#x915;&#x947; &#x928;&#x93F;&#x930;&#x94D;&#x92E;&#x93E;&#x924;&#x93E;</subfield>
    <subfield code="c">&#x935;&#x93E;&#x930;&#x93F;&#x938; &#x905;&#x932;&#x94D;&#x935;&#x940;</subfield>
  </datafield>
  <datafield tag="260" ind1=" " ind2=" ">
    <subfield code="a">&#x928;&#x908; &#x926;&#x93F;&#x932;&#x94D;&#x932;&#x940;</subfield>
    <subfield code="b">&#x938;&#x93E;&#x939;&#x93F;&#x924;&#x94D;&#x92F; &#x905;&#x915;&#x93E;&#x926;&#x947;&#x92E;&#x940;</subfield>
    <subfield code="c">1996</subfield>
  </datafield>
  <datafield tag="300" ind1=" " ind2=" ">
    <subfield code="a">87</subfield>
  </datafield>
  <datafield tag="901" ind1=" " ind2=" ">
    <subfield code="a">HBC                                                         </subfield>
  </datafield>
  <datafield tag="904" ind1=" " ind2=" ">
    <subfield code="a">Reqst by : &#x930;&#x940;&#x924;&#x93E;&#x930;&#x93E;&#x928;&#x940; &#x92A;&#x93E;&#x932;&#x940;&#x935;&#x93E;&#x932;</subfield>
  </datafield>
  <datafield tag="942" ind1=" " ind2=" ">
    <subfield code="2">ddc</subfield>
    <subfield code="c">H</subfield>
  </datafield>
  <datafield tag="952" ind1=" " ind2=" ">
    <subfield code="0">0</subfield>
    <subfield code="1">0</subfield>
    <subfield code="2">ddc</subfield>
    <subfield code="4">0</subfield>
    <subfield code="7">0</subfield>
    <subfield code="9">154360</subfield>
    <subfield code="a">LDD</subfield>
    <subfield code="b">LDD</subfield>
    <subfield code="d">2019-01-17</subfield>
    <subfield code="l">0</subfield>
    <subfield code="o">8U6 &#x905;658&#x938;</subfield>
    <subfield code="p">H007466</subfield>
    <subfield code="r">2019-01-17</subfield>
    <subfield code="w">2019-01-17</subfield>
    <subfield code="y">H</subfield>
  </datafield>
  <datafield tag="999" ind1=" " ind2=" ">
    <subfield code="c">154618</subfield>
    <subfield code="d">154618</subfield>
  </datafield>
</record>
